<?xml version="1.0" encoding="UTF-8"?>
<record
    xmlns:xsi="http://www.w3.org/2001/XMLSchema-instance"
    xsi:schemaLocation="http://www.loc.gov/MARC21/slim http://www.loc.gov/standards/marcxml/schema/MARC21slim.xsd"
    xmlns="http://www.loc.gov/MARC21/slim">

  <leader>00704nam a22001937a 4500</leader>
  <controlfield tag="005">20240729164920.0</controlfield>
  <controlfield tag="008">240729b           ||||| |||| 00| 0 eng d</controlfield>
  <datafield tag="040" ind1=" " ind2=" ">
    <subfield code="c">AL</subfield>
  </datafield>
  <datafield tag="041" ind1=" " ind2=" ">
    <subfield code="a">Konkani</subfield>
  </datafield>
  <datafield tag="082" ind1=" " ind2=" ">
    <subfield code="2">23</subfield>
    <subfield code="a">262.12</subfield>
    <subfield code="b">QUAB</subfield>
  </datafield>
  <datafield tag="100" ind1=" " ind2=" ">
    <subfield code="a">Stephen Quadros Permude    &#xCB8;&#xCCD;&#xC9F;&#xCC0;&#xCB5;&#xCA8;&#xCCD; &#xC95;&#xCCD;&#xCB5;&#xCBE;&#xCA1;&#xCCD;&#xCB0;&#xCB8;&#xCCD;  &#xCAA;&#xCC6;&#xCB0;&#xCCD;&#xCAE;&#xCC1;&#xCA6;&#xCC6;</subfield>
    <subfield code="9">174477</subfield>
  </datafield>
  <datafield tag="245" ind1=" " ind2=" ">
    <subfield code="a">Bishop Basil Salvadore</subfield>
    <subfield code="b">&#xCAC;&#xCBF;&#xCB8;&#xCCD;&#xCAA;&#xCCD; &#xCAC;&#xCBE;&#xC9C;&#xCBF;&#xCB2;&#xCCD; &#xCB8;&#xCBE;&#xCB2;&#xCCD;&#xCB5;&#xCBE;&#xCA6;&#xCCA;&#xCB0;&#xCCD; </subfield>
  </datafield>
  <datafield tag="260" ind1=" " ind2=" ">
    <subfield code="a">Mangalore</subfield>
    <subfield code="b">Patha Darshini Seva Trust</subfield>
    <subfield code="c">2021</subfield>
  </datafield>
  <datafield tag="300" ind1=" " ind2=" ">
    <subfield code="a">viii,240 p.</subfield>
    <subfield code="b">PB</subfield>
    <subfield code="c">24.5x18 cm.</subfield>
  </datafield>
  <datafield tag="650" ind1=" " ind2=" ">
    <subfield code="a">Christianity</subfield>
    <subfield code="9">174432</subfield>
  </datafield>
  <datafield tag="650" ind1=" " ind2=" ">
    <subfield code="a">Shining Star</subfield>
    <subfield code="9">174433</subfield>
  </datafield>
  <datafield tag="700" ind1=" " ind2=" ">
    <subfield code="a">QUADROS (Stephen Permude)</subfield>
    <subfield code="9">174434</subfield>
  </datafield>
  <datafield tag="942" ind1=" " ind2=" ">
    <subfield code="2">ddc</subfield>
    <subfield code="c">DB</subfield>
  </datafield>
  <datafield tag="999" ind1=" " ind2=" ">
    <subfield code="c">231531</subfield>
    <subfield code="d">231531</subfield>
  </datafield>
  <datafield tag="952" ind1=" " ind2=" ">
    <subfield code="0">0</subfield>
    <subfield code="1">0</subfield>
    <subfield code="2">ddc</subfield>
    <subfield code="4">0</subfield>
    <subfield code="7">0</subfield>
    <subfield code="8">KON</subfield>
    <subfield code="a">AL</subfield>
    <subfield code="b">AL</subfield>
    <subfield code="d">2024-07-25</subfield>
    <subfield code="l">0</subfield>
    <subfield code="o">262.12 QUAB</subfield>
    <subfield code="p">D06172</subfield>
    <subfield code="r">2024-07-29 00:00:00</subfield>
    <subfield code="w">2024-07-29</subfield>
    <subfield code="y">DB</subfield>
    <subfield code="z">Donated by Stephen Quadros Permude</subfield>
  </datafield>
</record>
